| 000 | 00678am a2200229a 44500 | ||
|---|---|---|---|
| 003 | AR-BaBNM | ||
| 005 | 20251128211026.0 | ||
| 008 | 162020s1970 #AR|||||||||||000 | fra|| | ||
| 040 | _cAR-BaBNM | ||
| 110 | 2 |
_aUnesco _bInstitut International de Planification de l'Education _9IIPE |
|
| 245 | 1 | 0 | _aLes aspects qualitatifs de la planification de l'èducation |
| 260 |
_aParis _bUnesco _c1970 |
||
| 300 | _a327 p. | ||
| 650 | 4 | _aCALIDAD DE LA EDUCACION | |
| 650 | 4 | _aEDUCACION Y DESARROLLO | |
| 650 | 4 | _aEDUCACION COMPARADA | |
| 653 | _aPLANEAMIENTO EDUCATIVO | ||
| 653 | _aINDICADORES EDUCATIVOS | ||
| 700 | 1 |
_aBeeby, C.E. _erealizador |
|
| 942 | _cBK | ||
| 998 | _craquel | ||
| 999 |
_c17942 _d17942 |
||